| 000 | 00381nam a22001571a 4500 | ||
|---|---|---|---|
| 001 | 675 | ||
| 003 | OSt | ||
| 005 | 20260204211705.0 | ||
| 008 | 040113s1983||||RD ||||||b||||||||||X || | ||
| 082 | _aRD 581 L66f | ||
| 100 | _aLiogier, Alain Henri | ||
| 245 | _aLa flora de la Española II / Alain Henri Liogier | ||
| 264 | _aSanto Domingo : UCE | ||
| 300 | _a419 p.Ì | ||
| 942 |
_2ddc _cBK |
||
| 999 |
_c675 _d675 |
||